| 000 | 00611nam a22002057a 4500 | ||
|---|---|---|---|
| 003 | LC | ||
| 005 | 20160224112139.0 | ||
| 008 | 140426b xxu||||| |||| 00| 0 eng d | ||
| 020 | _a0749319054 | ||
| 050 |
_aPR 6068.I294 _b.R547 1995 |
||
| 100 | _aRidpath, Michael | ||
| 245 |
_aFree to trade : a novel of suspense / _cMichael Ridpath. |
||
| 260 |
_aNew York : _bHarperCollins Publishers, _cc1995. |
||
| 300 |
_a346 p. ; _c25 cm. |
||
| 650 | _aFloor traders (Finance) -- Fiction. | ||
| 650 | _aCommercial crimes -- Fiction. | ||
| 650 | _aLondon (England) -- Fiction. | ||
| 942 |
_2lcc _cBK |
||
| 999 |
_c115503 _d115503 |
||